| 000 | 00424pab a2200157 454500 | ||
|---|---|---|---|
| 008 | 180718b2013 xxu||||| |||| 00| 0 eng d | ||
| 100 | _aBagozzi, Richard P. et al | ||
| 245 | _aThe role of moral values in instigating morally responsible decisions | ||
| 260 | _c2013 | ||
| 300 | _ap.69-94. | ||
| 362 | _aMar | ||
| 650 | _aMoral values | ||
| 773 | _aJournal of Applied Behavioral Science | ||
| 908 | _aN | ||
| 909 | _a99286 | ||
| 999 |
_c99285 _d99285 |
||